Most Developed and Least Corrupt Countries - Statistics

General Stats
  • This quiz has been taken 49 times
  • The average score is 17 of 20
Answer Stats
CPI HDI Avg Country % Correct
88 0.948 91.4 Finland
100%
75 0.939 84.5 Canada
98%
81 0.970 89.0 Norway
98%
80 0.959 88.0 Sweden
98%
77 0.972 87.1 Iceland
96%
78 0.955 86.8 Netherlands
96%
71 0.946 82.8 United Kingdom
96%
90 0.962 93.1 Denmark
94%
75 0.959 85.5 Germany
94%
71 0.925 81.8 Japan
94%
81 0.970 89.0 Switzerland
94%
69 0.951 82.1 Belgium
92%
77 0.958 86.4 Australia
90%
77 0.949 86.0 Ireland
90%
81 0.922 86.6 Luxembourg
88%
84 0.946 89.3 Singapore
85%
83 0.938 88.4 New Zealand
83%
76 0.905 83.3 Estonia
69%
68 0.940 81.0 United Arab Emirates
56%
76 0.862 81.1 Uruguay
29%
No matching quizzes found
Score Distribution
Percent of People with Each Score
Percentile by Number Answered
Your Score History
You have not taken this quiz